| 000 | 01266nam a2200337Ia 4500 | ||
|---|---|---|---|
| 001 | ebr10388619 | ||
| 003 | CaPaEBR | ||
| 006 | m u | ||
| 007 | cr cn||||||||| | ||
| 008 | 100211s2010 cauac sb 001 0 eng d | ||
| 010 | _z 2010005823 | ||
| 020 | _z9781605095233 (pbk. : alk. paper) | ||
| 020 | _z9781576758786 | ||
| 040 |
_aCaPaEBR _cCaPaEBR |
||
| 035 | _a(OCoLC)659564541 | ||
| 050 | 1 | 4 |
_aBF637.C5 _bL44 2010eb |
| 082 | 0 | 4 |
_a158 _222 |
| 100 | 1 | _aLeider, Richard. | |
| 245 | 1 | 4 |
_aThe power of purpose _h[electronic resource] : _bfind meaning, live longer, better / _cRichard J. Leider. |
| 250 | _a2nd ed. | ||
| 260 |
_aSan Francisco, CA : _bBerrett-Koehler Publishers, _cc2010. |
||
| 300 |
_axiv, 160 p. : _bill., port. |
||
| 504 | _aIncludes bibliographical references and index. | ||
| 533 |
_aElectronic reproduction. _bPalo Alto, Calif. : _cebrary, _d2010. _nAvailable via World Wide Web. _nAccess may be limited to ebrary affiliated libraries. |
||
| 650 | 0 | _aConduct of life. | |
| 650 | 0 | _aVocation. | |
| 650 | 0 | _aSelf-realization. | |
| 655 | 7 |
_aElectronic books. _2local |
|
| 710 | 2 | _aebrary, Inc. | |
| 856 | 4 | 0 |
_uhttp://site.ebrary.com/lib/rucke/Doc?id=10388619 _zAn electronic book accessible through the World Wide Web; click to view |
| 999 |
_c91514 _d91514 |
||